000 00535nam a2200229Ia 4500
008 210210b2005 xxu||||| |||| 00| 0 eng d
020 _a0739461419
041 _aeng
082 _a827 KRAB
100 _aKRAUS (Jim)
245 _aBloopers blunders jokes quips and quotes
260 _aIllinois
_bTyndale House Publishers.,
_c2005
300 _a365
650 _aquotes
650 _aquips
650 _ajokes
650 _ablunders
650 _aBloopers
650 _aand
690 _aEnglish Humor
906 _a062678
999 _c129767
_d129767